Digital Photography Step by Step (Record no. 592335)

000 -LEADER
fixed length control field 00742nam a22001577a 4500
003 - CONTROL NUMBER IDENTIFIER
control field NUST
005 - DATE AND TIME OF LATEST TRANSACTION
control field 20221117102117.0
020 ## - INTERNATIONAL STANDARD BOOK NUMBER
International Standard Book Number 978-0-2412-2679-7
082 ## - DEWEY DECIMAL CLASSIFICATION NUMBER
Classification number 770, ANG
100 ## - MAIN ENTRY--PERSONAL NAME
Personal name Ang, Tom
9 (RLIN) 102768
245 ## - TITLE STATEMENT
Title Digital Photography Step by Step
Remainder of title Build your skills from beginner to confidence photographer
Statement of responsibility, etc. Tom Ang
260 ## - PUBLICATION, DISTRIBUTION, ETC.
Place of publication, distribution, etc. United Kingdom
Name of publisher, distributor, etc. DK
Date of publication, distribution, etc. 2016
300 ## - PHYSICAL DESCRIPTION
Extent 360: pages
505 ## - FORMATTED CONTENTS NOTE
Formatted contents note Introduction (Page-7), Quick Start in Photography (Page-13), Commanding Photo- Techniques (Page-29), Mastering Photo- Subjects (Page-115), Optimizing workflow (Page-169), Enhancing Image (Page-191), Manipulating Image (Page-235), Sharing Image (Page-281), Making Movies (Page-297), Equipment and Resources (Page-321).
942 ## - ADDED ENTRY ELEMENTS (KOHA)
Source of classification or shelving scheme
Koha item type Book
Holdings
Withdrawn status Lost status Source of classification or shelving scheme Damaged status Not for loan Permanent Location Current Location Shelving location Date acquired Full call number Barcode Date last seen Price effective from Koha item type Public note
          Military College of Signals (MCS) Military College of Signals (MCS) Reference 11/17/2022 770, ANG MCS38081 11/17/2022 11/17/2022 Reference Almirah No.24, Shelf No.6
© 2023 Central Library, National University of Sciences and Technology. All Rights Reserved.